100 à la suite : prénoms - Statistiques

Statistiques générales
  • Ce quiz a été pris 126 fois
  • Le résultat moyen est 23 sur 100
Statistiques - réponses
Hint Réponse % Correct
L'une des filles des Simpson Lisa
78%
Chantée par Gims Bella
77%
Anagramme de "Anil" Lina
59%
Fils adulte continuant à habiter le domicile parental alors qu'il a les moyens d'être autonome. Tanguy
57%
Deuxième fils d'Adam et Eve Abel
56%
Selon elle, tout est fini entre nous Lara
49%
Il avait son arche Noë
47%
C'est une exploratrice Dora
44%
L'une des soeurs Williams Séréna
43%
Chanteur de "Ces soirées-là" Yannick
43%
Shirley forme un duo avec lui Dino
41%
Prénom de fille et marque de vêtements Zara
41%
Animatrice télé d'émissions pour la jeunesse Dorothée
40%
Prénom et maison d'édition spécialisée dans les manuels scolaires Nathan
38%
Prénom et revêtement de sol Lino
37%
Prénom et compagnie aérienne si on ajoute "Air" au bout Rayan
37%
On change une lettre du mot "conique" et on trouve son prénom Monique
36%
Il a un petit papa Noël
36%
Papa de Kévina et Mikeline Elie
35%
Mère de Jésus Marie
35%
Conjointe de Louis Aragon et chanteuse qui a dit "t'en va pas" Elsa
34%
Ex de Tom Cruise Nicole
34%
I et II au Royaume-Uni Elisabeth
33%
C'est une métisse d'Ibiza Mélissa
33%
Elle fut le titre d'un film érotique Emmanuelle
32%
Peintre et architecte italien de la Haute Renaissance Raphaël
32%
Ancien footballeur à la double nationalité française et algérienne Zinedine
32%
Il a perdu la tête quand il a vu Suzette Danny
30%
Il a un coeur de lion Richard
30%
Elle aime les sucettes à l'anis Annie
29%
Elle a les yeux bleus Isabelle
29%
Prénom de la ministre de la culture en 2025 Rachida
29%
Il était the Kid Billy
28%
Prénom de fille et chanson de Pierre Perret Lily
28%
Il a chanté Grace Kelly Mika
28%
Patrick Bruel en avait marre d'elle Nana
28%
Chanson de Gilbert Bécaud Nathalie
28%
Sorcière bien-aimée Samantha
28%
Prénom de fille et synonyme de "Soupa" Dina
27%
Ex danseur et chorégraphe de la Star Academy Kamel
27%
Prénom de femme et première être vivant qui fut mis en orbite autour de la terre Laïka
26%
......k, t'es bath, t'es in Théo
26%
Prénom de la fille de Johnny Depp et de Vanessa Paradis Lili-Rose
25%
Cousin américain de César Oscar
25%
On la trouve dans le métro Zazie
25%
Avoir la tête dans le guidon si on enlève une lettre Guido
23%
Antonyme de "Démina" Mina
22%
Héroïne d'un dessin animé où elle est danseuse de cabaret Betty
21%
Ex Miss France animatrice radio et tv Elodie
21%
Héroïne du feuilleton "Nouveau jour" et demi-soeur de Lio Héléna
21%
Homme que l'on entend mais que l'on ne voit jamais dans "Drôles de Dames" Charlie
20%
Il a remporté le tournoi de Roland Garros en 1983 Noah
20%
Il joua le rôle de Freddy Mercury et c'est aussi un nom de jeu de cartes Rami
20%
Précède "Fricotin" Bibi
19%
Prénom de fille et nom d'une enseigne d'hypermarchés Cora
19%
Président egyptien Nasser
19%
Prénom et caviste Nicolas
19%
Chanteuse de Summertime Sadness Lana
18%
Relief isolé si on ajoute un L au milieu de son prénom Coline
17%
Elle est en sous-sol Mélodie
16%
Le gentil de la série tv "Dallas" Bobby
15%
Un des apôtres de Jésus Thomas
15%
Gagnante de The Voice et chanteuse de l'Effet de Masse Maëlle
14%
Il est chauvin si "Coco" le précède Rico
14%
Elle a les yeux bleus aussi Belinda
13%
Chanteur de "Are You Gonna Go My Way" Lenny
13%
Animatrice de radio et tv ex candidate de la Star Academy Karima
12%
Ce n'était pas un cornichon Nino
12%
L'un des acteurs de James Bond Timothée
12%
Ce qu'on aime chez elle, c'est qu'on peut y mettre les doigts Daniela
11%
Epouse d'Abélard Héloïse
11%
Prénom de la fille d'Elvis Presley Lisa-Marie
11%
Prénom de Shy'm Tamara
11%
Il fut président des Etats-Unis Théodore
11%
Il forma un duo avec Roger pierre Thibault
11%
Père de celui qui a un petit papa Tino
10%
C'est une fille comme les autres. Hélène
9%
Héroïne de Mulholland Drive Naomi
9%
Disciple de Jésus Nathanaël
9%
L'un des Corléone dans "Le parrain" Vito
9%
Prénom et ville de Californie dont Clint Eastwood fut maire Carmel
8%
Légendaire chasseur d'ours Davy
8%
Quand on la voit, on lui dit "hello" ! Kitty
8%
Prénom, arbuste ornemental et ville si "Les" le précède Lilas
8%
Soeur de Paris Hilton Nicky
8%
Mannequin et actrice française d'origine réunionnaise Noémie
8%
Premier fils d'Abraham Ismaël
7%
Pour Rika Zaraï, il est de retour Michaël
7%
Vrai nom du méchant de la série "Dallas" Larry
6%
Prénom d'une ancienne Coco Girl et ancienne compagne de Jean-Paul Belmondo Natty
6%
Ancienne joueuse de tennis russe dont le frère Marat était champion de tennis également Dinara
4%
Prénom de la femme de Gorbatchev Raïssa
4%
Prénom de fille et série américaine de 1988 Roseanne
4%
Personnage qualifié de prophète dans la Bible Samuel
4%
Elle fut mariée avec Orson Welles Rita
3%
Pprophète de la Bible hébraïque et l'Ancien Testament Elisée
2%
Eric Morena le chante avec Pédro Ramon
2%
Elle accompagne l'expédition d'Alexandre le Grand en Asie Thaïs
2%
Elle sait lire Amanda
0%
Série de bande dessinée pour la jeunesse Zélie
0%
Aucun quiz correspondant
Distribution des résultats
% des personnes avec chaque résultat
Percentile par nombre de réponses
Votre historique - résultats
Vous n’avez pas pris ce quiz